000 00606nam a22002057a 4500
003 OSt
005 20140310182200.0
008 130902t xxu||||| |||| 00| 0 eng d
020 _a0803976666
050 _aH 62
_b.Si587 1997
082 _aHS 807
_bQ2 1997
100 _aSilverman, David
_916206
245 _aQualitative research :
_btheory, Method and practice /
_cedited by David Silverman.
260 _aLondon :
_bSage Publications,
_cc1997.
300 _a262 p. :
_c23 cm.
650 _aResearch
_xTheory
_916207
650 _aResearch
_xMethod
_916208
942 _2lcc
_cHS
999 _c10196
_d10196